Concepts and Techniques in Educational Assessments and Evaluation (Record no. 3362)
[ view plain ]
| 005 - DATE AND TIME OF LATEST TRANSACTION | |
|---|---|
| control field | 20250610065905.0 |
| 020 ## - INTERNATIONAL STANDARD BOOK NUMBER | |
| International Standard Book Number | 9789976404425 |
| 082 ## - DEWEY DECIMAL CLASSIFICATION NUMBER | |
| Classification number | 371.26 OMA |
| 100 ## - MAIN ENTRY--PERSONAL NAME | |
| Author name | OMARI,M. |
| 245 ## - TITLE STATEMENT | |
| Title | Concepts and Techniques in Educational Assessments and Evaluation |
| 260 ## - PUBLICATION, DISTRIBUTION, ETC. | |
| Place of publication, distribution, etc. | Dodoma |
| Name of publisher, distributor, etc. | Oxford University Press |
| Date of publication, distribution, etc. | 2011 |
| 942 ## - ADDED ENTRY ELEMENTS (KOHA) | |
| Source of classification or shelving scheme | Dewey Decimal Classification |
| Koha item type | Books |
| Date last seen | Total checkouts | Full call number | Barcode | Cost, replacement price | Price effective from | Koha item type | Lost status | Source of classification or shelving scheme | Damaged status | Not for loan | Withdrawn status | Home library | Current library | Shelving location | Date acquired | Cost, normal purchase price |
|---|---|---|---|---|---|---|---|---|---|---|---|---|---|---|---|---|
| 06/06/2025 | 371.26 OMA | DOM0001739 | 37500.00 | 06/06/2025 | Books | Dewey Decimal Classification | CBE Dodoma | CBE Dodoma | Special Reserve Collection | 10/27/2017 | 12500.00 |
